| 000 | 02443nam1a2200457 i 4500 | ||
|---|---|---|---|
| 001 | RU\NLR\bibl\797032 | ||
| 005 | 20260407081009.0 | ||
| 035 | _a(NLR Aleph) 000786231 | ||
| 090 |
_a1093268 _c1093268 |
||
| 100 | _a20050511g20049999u y0rusy50 ca | ||
| 101 | 0 |
_arus _deng _erus _eeng |
|
| 102 | _aRU | ||
| 105 | _a||||z ||||| | ||
| 200 | 1 |
_aГуманитарная география _dHumanitarian geography _eнаучный и культурно-просветительский альманах _f[А.Н. Балдин, Т.А. Галкина, Д.Н. Замятин [и др.] _gред. кол.: гл. ред. Д.Н. Замятин [и др.] _gМ-во культуры и массовых коммуникаций Рос. Федерации, Рос. акад. наук, Рос. НИИ культур. и природ. наследия им. Д.С. Лихачева _zeng |
|
| 210 |
_aМосква _cРоссийский научно-исследовательский институт культурного и природного наследия _d2004 |
||
| 215 | _d20 | ||
| 300 | _aРез. на англ. яз. | ||
| 463 | 0 | _1001789857 | |
| 463 | 0 | _1001954570 | |
| 463 | 0 | _10011111848 | |
| 463 | 0 | _10011297259 | |
| 463 | 0 | _10011499787 | |
| 463 | 0 | _10011729214 | |
| 510 | 0 |
_aHumanitarian geography _zeng |
|
| 606 | 1 |
_aГеография и литература _jСборники _91686818 _3RU\NLR\auth\66749477 |
|
| 606 | 1 |
_aКультура _jСборники _xТеория _91493017 _3RU\NLR\auth\66643358 |
|
| 606 |
_aКультурные ландшафты _jСборники _9990866 _3RU\NLR\auth\6656331 |
||
| 606 |
_aГуманитарная география _jСборники _92300400 _3RU\NLR\auth\661377284 |
||
| 686 | _aШ5(0)-304я431 | ||
| 686 | _aЧ111 | ||
| 686 | _aТ3(0)0-7я43 | ||
| 701 | 1 |
_aБалдин _bА. Н. _gАндрей Николаевич _4070 |
|
| 701 | 1 |
_aГалкина _bТ. А. _gТамара Артаковна _4070 |
|
| 701 | 1 |
_aЗамятин _bД. Н. _gДмитрий Николаевич _4070 |
|
| 702 | 1 |
_aЗамятин _bД. Н. _gДмитрий Николаевич _4340 |
|
| 712 | 0 | 2 |
_4570 _aРоссийский НИИ культурного и природного наследия им. Д. С. Лихачева _3RU\NLR\AUTH\886634 _9285147 |
| 801 | 0 |
_aRU _bNLR _c20050511 _grcr |
|
| 801 | 1 |
_aRU _bNLR _c20050511 |
|
| 852 |
_aNLR _j2005-3/11083 |
||
| 942 | _cBOOK | ||